01553cam a22003734i 4500003000900000005001700009008004100026020001500067035002700082040003300109082001700142100003900159245004800198264007700246300003800323336002100361337002500382338002300407504002800430505057300458526001001031526001001041526001001051526001001061526000801071526000801079526000801087526000801095526000801103526000801111526000801119650003101127650002101158PE-LiUPU20250731173130.0150623s r 000 0 d a0802817912 a(Sirsi) i9780802817914 aPE-LiUPUbspacPE-LiUPUerda04a241bT472211 aThielicke, Helmut,d1908-,eautor.10aTheological ethics.n1 /cHelmut Thielicke. 1aGrand Rapids, Michigan :bWilliam B. Eerdmans Publishing Company,c1979. a697 páginas ;c21 centímetros atext2rdacontent aunmediated2rdamedia avolume2rdacarrier aIncluye bibliografía.0 aChristian ethics in the age of secularism: The challenge of secularism. The challenge of humanism. Dogmatics and ethics. The place of evangelical ethics between the two aeons.- The foundational principles of ethics: Justification and sanctification. The command of the creator and the law for the fallen world. The problem of norms: (1) conscience. The problem of norms: (2) natural law and the doctrine of the orders.- Man's relation to the world: The conflict situation as typical of man's ethical relation to the world. The borderline situation of extreme conflict. aSEG42 aSEG41 aSEG40 aSEG39 aP94 aP87 aP86 aP85 aP77 aP76 aP3514aCristianismo y política.24aEtica cristiana.